00881nam a2200229 a 4500001000200000003000200002005001700004008003100021020001800052040002300070082003000093100003600123245009600159250001100255260004000266300003600306500007400342600004900416650007500465651005100540710006000591  20211227111330.0110331s2013 dr ac 000 0bspa d a9789945007275 aBPMSU bspacBPMSU a923.57293bD985B 20132221 aBalaguer, Joaquín,d1906-200213aEl centinela de la frontera :bvida y hazañas de Antonio Duvergé /cJoaquín Balaguer. a7a. ed aSanto Domingo :bCentenario, c2013 a206 p. :bil., retrs. ;c22 cm. aIncluye referencias bibliográficas y notas al pie de las páginas.14aDuvergé, Antonio,d1807-1855xVida militar 4aGenerales (Ciencia militar) zRepública DominicanavBiografías 4aRepública Dominicana xHistoria y1844-19302 aFundación Joaquín Balaguer (República Dominicana)